[Event "Quebec Montcalm op 5th"]
[Site "Quebec"]
[Date "2005.??.??"]
[Round "2"]
[White "Lapierre, Gaetan"]
[Black "Letourneau, Alex"]
[Result "1-0"]
[WhiteElo "1918"]
[BlackElo "1629"]
[PlyCount "55"]
[EventDate "2005.??.??"]
[EventType "swiss"]
[EventRounds "5"]
[EventCountry "CAN"]
[SourceTitle "EXT 2006"]
[Source "ChessBase"]
[SourceDate "2005.11.24"]
[SourceVersion "1"]
[SourceVersionDate "2005.11.24"]
[SourceQuality "1"]

1. Nf3 d6 2. d4 Nf6 3. g3 g6 4. Bg2 Bg7 5. 0-0 0-0 6. c4 Nbd7 7. Nc3 e5 8. dxe5 Nxe5 9. Nxe5 dxe5 10. Qxd8 Rxd8 11. Bg5 Rd4 12. b3 c6 13. Be3 Rd8 14. h3 Be6 15. Kh2 Nd7 16. Ne4 Nb6 17. Nc5 Bc8 18. Rad1 Nd7 19. Rd2 Kf8 20. Rfd1 Ke8 21. Ne4 h6 22. Bc5 b6 23. Ba3 Ba6 24. Nd6+ Ke7 25. Nb7+ c5 26. Nxd8 Rxd8 27. Bc6 Bc8 28. b4 1-0